Every Paramore Songs : December 2024 - Statistics

General Stats
  • This quiz has been taken 263 times
    228 since last reset
  • The average score is 61 of 87
Answer Stats
Album Track # Answer % Correct
Riot! 4 Misery Business
96%
Brand New Eyes (Deluxe Edition) 12 Decode (Twilight Soundtrack)
91%
Paramore 9 Still Into You
90%
This Is Why 1 This Is Why
90%
Brand New Eyes 2 Ignorance
89%
Riot! 8 crushcrushcrush
87%
All We Know Is Falling 3 Emergency
87%
All We Know Is Falling 2 Pressure
87%
Paramore 6 Ain't It Fun
86%
Brand New Eyes 11 All I Wanted
86%
After Laughter 1 Hard Times
85%
Singles/Other - Hard Times ( feat David Byrne)
85%
After Laughter 2 Rose-Colored Boy
84%
Brand New Eyes 4 Brick by Boring Brick
83%
Brand New Eyes 6 The Only Exception
83%
This Is Why 2 The News
82%
Brand New Eyes 10 Misguided ghosts
80%
Riot! 2 That's What You Get
80%
After Laughter 6 26
79%
All We Know Is Falling 1 All We Know
79%
Paramore 1 Fast in My Car
79%
Paramore 2 Now
79%
All We Know Is Falling 9 Franklin
78%
After Laughter 7 Pool
78%
Brand New Eyes 1 Careful
77%
This Is Why 4 C'est Comme ça
77%
This Is Why 3 Running Out Of Time
77%
Brand New Eyes 3 Playing God
77%
This Is Why 7 Figure 8
76%
Riot! 1 For a Pessimist, I'm Pretty Optimistic
76%
Singles/Other - Monster
76%
This Is Why 10 Thick Skull
76%
After Laughter 9 Caught in the Middle
75%
After Laughter 5 Fake Happy
75%
Riot! 10 Fences
75%
All We Know Is Falling 10 My heart
75%
Riot! 3 Hallelujah
72%
Riot! 5 When It Rains
72%
This Is Why 6 You First
72%
All We Know Is Falling 8 Conspiracy
71%
This Is Why 9 Crave
71%
Riot! 6 Let the Flames Begin
71%
After Laughter 3 Told You So
70%
Paramore 8 Last Hope
69%
This Is Why 5 Big Man, Little Dignity
68%
Paramore 7 Part II
68%
Paramore 13 Hate to See Your Heart Break
67%
Paramore 14 (One of Those) Crazy Girls
67%
Brand New Eyes 9 Where the Lines Overlap
67%
Paramore 10 Anklebiters
66%
Riot! 11 Born for This
66%
This Is Why 8 Liar
66%
After Laughter 4 Forgiveness
66%
Paramore 17 Future
66%
After Laughter 10 Idle Worship
66%
Paramore 15 I'm Not Angry Anymore
66%
Brand New Eyes 7 Feeling sorry
65%
Brand New Eyes 8 Looking Up
65%
Paramore 4 Daydreaming
64%
Paramore 11 Holiday
63%
All We Know Is Falling 4 Brighter
62%
After Laughter 12 Tell Me How
62%
After Laughter 8 Grudges
61%
All We Know Is Falling 5 Here We Go Again
61%
Singles Club - In the Mourning
61%
Riot! 7 Miracle
61%
Brand New Eyes 5 Turn it Off
61%
All We Know Is Falling 7 Whoa
61%
Singles/Other - I Caught myself
60%
After Laughter 11 No Friend
60%
Singles/Other - Burning Down The House
59%
Singles Club - Renegade
59%
Paramore 3 Grow Up
58%
Paramore (deluxe Edition) 19 Native Tongue
58%
Paramore 12 Proof
57%
Riot! 9 We are Broken
57%
Paramore 16 Be Alone
55%
Paramore 5 Moving On
54%
Singles Club - Hello Cold World
53%
Paramore (deluxe Edition) 18 Escape Route
52%
Paramore (deluxe Edition) 20 Tell Me It's Okay (Demo)
52%
All We Know Is Falling 6 Never Let This Go
51%
This Is Why 11 Sanity
49%
Riot! 13 Rewind (Demo)
45%
Riot! 12 Stop This Song (Love Sick Melody)
42%
Singles/Other - My Hero
35%
Riot! 14 Emergency (Live)
32%
No matching quizzes found
Score Distribution
Percent of People with Each Score
Percentile by Number Answered
Your Score History
You have not taken this quiz since the last reset